| 000 | 00410nam a2200097Ia 4500 | ||
|---|---|---|---|
| 008 | 180130s9999 xx 000 0 und d | ||
| 245 |
_cMcKelvey, Maureen; Lassen, Astrid Heidemann _aFurther developing the ideas |
||
| 260 | _c2013 | ||
| 300 | _aBook title: How entrepreneurs do what they do : case studies in knowledge intensive entrepreneurship--Acession number C17365; pages 205-208 | ||
| 650 | _aENTREPRENEURSHIP | ||
| 999 |
_c354471 _d354471 |
||